Troubleshooting concrete construction. (Record no. 549008)

000 -LEADER
fixed length control field 00508cas a2200169 4500
022 0# - INTERNATIONAL STANDARD SERIAL NUMBER
International Standard Serial Number 0010-5333
082 04 - DEWEY DECIMAL CLASSIFICATION NUMBER
Classification number 693.5
Author Mark TRO
245 00 - TITLE STATEMENT
Title Troubleshooting concrete construction.
260 ## - PUBLICATION, DISTRIBUTION, ETC.
Place of publication, distribution, etc. UK.
Name of publisher, distributor, etc. [Concrete Construction Publications]
300 ## - PHYSICAL DESCRIPTION
Extent 348P.
Other physical details illustrations
Dimensions 30 cm
526 ## - STUDY PROGRAM INFORMATION NOTE
Program name 0
Interest level 0
Reading level 0
Title point value 693_500000000000000_TRO
590 ## - LOCAL NOTE (RLIN)
Local note SERBIB/SERLOC merged record
650 #0 - SUBJECT ADDED ENTRY--TOPICAL TERM
Topical term or geographic name entry element Concrete construction
650 #6 - SUBJECT ADDED ENTRY--TOPICAL TERM
Topical term or geographic name entry element Construction en béton
General subdivision Périodiques.
9 (RLIN) 45502
650 #6 - SUBJECT ADDED ENTRY--TOPICAL TERM
Topical term or geographic name entry element MCE
9 (RLIN) 379
942 ## - ADDED ENTRY ELEMENTS (KOHA)
Source of classification or shelving scheme
Koha item type Book
Holdings
Withdrawn status Lost status Source of classification or shelving scheme Damaged status Not for loan Permanent Location Current Location Date acquired Total Checkouts Full call number Barcode Date last seen Price effective from Koha item type
          Military College of Engineering (MCE) Military College of Engineering (MCE) 09/12/2014   693.5 TRO MCE-43571 09/12/2014 09/12/2014 Book
© 2023 Central Library, National University of Sciences and Technology. All Rights Reserved.